000 00305nam a2200109 a 4500
005 20140414093830.0
008 970101s19uu xx 00 eng d
050 _aVHS 900
_bR 33
245 _a1) Cahoka mounds; ancient Metropolis :
_b2) The dark secrets of the simpsons.
942 _cAVM
999 _c108638
_d108638